Statistiques concernant Quiz sur les couleurs facile

Cliquez ici pour prendre le quiz!

Statistiques générales

  • Ce quiz a été pris 171 fois
  • Le résultat moyen est 21 sur 152

Statistiques - réponses

HintRéponse% Correct
Bleu
93%
Rouge
93%
Jaune
88%
Vert
87%
Noir
83%
Or
83%
Blanc
82%
Violet
79%
Orange
78%
Rose
77%
Gris
74%
Marron
70%
Argent
63%
Beige
54%
Turquoise
48%
Mauve
41%
Cyan
39%
Bleu ciel
38%
VilleBordeaux
36%
Kaki
36%
Brun
33%
Bleu marine
30%
Bronze
30%
Magenta
28%
Pourpre
28%
Blanc cassé
25%
Émeraude
23%
Taupe
23%
Saumon
22%
Doré
21%
Bleu foncé
19%
Azur
17%
Fushia
17%
Ocre
17%
Rubis
16%
Lilas
15%
Bleu roi
14%
Prune
14%
Vert pomme
14%
Indigo
13%
Vert d'eau
13%
Bleu canard
12%
Pastel
12%
Saphir
12%
Vert sapin
12%
Cuivre
10%
Framboise
10%
Anthracite
9%
Blond
9%
Citron
9%
Jaune poussin
9%
Rouge sang
9%
Chocolat
8%
Fraise
8%
Rose bonbon
8%
Amande
7%
Canard
7%
Châtain
7%
Corail
7%
Jaune citron
7%
Moutarde
7%
Roux
7%
Abricot
6%
Bleu nuit
6%
Vermeil
6%
Lavande
5%
Blanc crème
4%
Bleu turquoise
4%
Brique
4%
Café
4%
Carmin
4%
Écru
4%
Jade
4%
Jaune canari
4%
Mandarine
4%
Menthe
4%
Noisette
4%
Olive
4%
Pêche
4%
Sable
4%
Vert anis
4%
Vert bouteille
4%
Ambre
3%
Aubergine
3%
Auburn
3%
Grenadine
3%
Lapis-lazuli
3%
Parme
3%
Pistache
3%
Rouge cerise
3%
Vert citron
3%
Bleu saphir
2%
Caramel
2%
Jaune moutarde
2%
Rouge rubis
2%
Rouille
2%
Terracotta
2%
Topaze
2%
Vanille
2%
Vert canard
2%
Vert émeraude
2%
Vert kaki
2%
Violine
2%
Acajou
1%
Beige clair
1%
Bleu électrique
1%
Blond vénitien
1%
Cassis
1%
Chair
1%
Champagne
1%
Citrouille
1%
Cobalt
1%
Ivoire
1%
Lin
1%
Melon
1%
Rouge carmin
1%
Rouge coquelicot
1%
Rouge tomate
1%
Rouge vermillon
1%
Safran
1%
Sépia
1%
Tomate
1%
Vénitien
1%
Vert gazon
1%
Vert lime
1%
Vert olive
1%
Vert pistache
1%
Blanc écru
0%
Bleu acier
0%
Bleu bleuet
0%
Cacao
0%
Café au lait
0%
Canelle
0%
Carotte
0%
Givré
0%
Grège
0%
Gris anthracite
0%
Jaune olive
0%
Miel
0%
Orchidée
0%
Praline
0%
Réglisse
0%
Rose des bois
0%
Rose vif
0%
Rouge bourgogne
0%
Rouge capucine
0%
Rouge feu
0%
Rouge-violet
0%
Tangérine
0%
Vert épinard
0%
Vert mousse
0%
Vert pin
0%

Distribution des résultats

Percentile par nombre de réponses

% des personnes avec chaque résultat

Votre développement - résultats

Vous n’avez pas pris ce quiz